000 01723cam a22005174i 4500
003 PE-LiUPU
005 20250731165611.0
008 150706s r 000 0 d
020 _a9789871305285
035 _a(Sirsi) i9789871305285
040 _aPE-LiUPU
_bspa
_cPE-LiUPU
_erda
049 _aPRUA
082 0 4 _a025.2
_bC28
_221
100 1 _aCasanovas, Inés,
_eautor.
245 1 0 _aGestión de archivos electrónicos /
_cInés Casanovas.
264 1 _aBuenos Aires :
_bAlfagrama,
_c2008.
300 _a246 páginas ;
_c23 centímetros
336 _atext
_2rdacontent
337 _aunmediated
_2rdamedia
338 _avolume
_2rdacarrier
490 0 _aBiblioteca Alfagrama
504 _aIncluye referencias bibliografícas.
505 0 _aDel papel a los Bits - El desafío de la gestión documental electrónica - Automatización de la gestión documental.
526 _aSEG44
526 _aSEG26
526 _aP151
526 _aP150
526 _aP149
526 _aP146
526 _aP145
526 _aP126
526 _aP125
526 _aP92
526 _aP75
526 _aP74
526 _aP27
526 _aP15
541 _g015-0012337;
650 0 4 _aDocumentos electrónicos.
910 _agl
_cng
_d20110524
942 _2ddc
_cBOOK
949 _a025.2 C28
_wDEWEY
_c1
_i62980
_lCCODEBUL1
_mBUL
_p36.00
_r0
_sY
_tBOOK
_u2015-7-6
_xFCE
_zAGB
_0COMPRA
_o.STAFF. Colección General
994 _aC0
_bPEPRU
596 _a1
999 _a025.2 C28
_wDEWEY
_c51999
_i62980
_f2021-11-4
_g6
_lCCODEBUL1
_mBUL
_p36.00
_r0
_sY
_tBOOK
_u2015-7-6
_xBIBLIOTECA
_zAGB
_0COMPRA
_o.STAFF. Colección General
_d51999
980 _81
_gALBERTO SANCHEZ Responsable de Automatización